000 00400 a2200109 4500
020 _a8124202363
082 _a628.168 CHE
100 _aCheremisinoff, Nicholas P.
245 _aHandbook of Groundwater Remediation and Treatment Technologies/
_cNicholas P. Cheremisinoff
260 _aNew Delhi :
_bCrest Publishing House,
_c2004
300 _axi, 395p. :
_bill. ;
_c25 cm
650 _aGroundwater Remediation --- Treatment Technologies
999 _c1690
_d1690